La paidología (Record no. 43314)
[ view plain ]
| 000 -CABECERA | |
|---|---|
| campo de control de longitud fija | 00909nam a2200277 a 4500 |
| 003 - IDENTIFICADOR DEL NÚMERO DE CONTROL | |
| campo de control | MX-MxUPN |
| 005 - FECHA Y HORA DE LA ÚLTIMA TRANSACCIÓN | |
| campo de control | 20240925064235.0 |
| 008 - ELEMENTOS DE LONGITUD FIJA--INFORMACIÓN GENERAL | |
| campo de control de longitud fija | 991125s1932 sp fr 001 0 spa d |
| 035 ## - NÚMERO DE CONTROL DEL SISTEMA | |
| Número de control de sistema | UPN01000043314 |
| 040 ## - FUENTE DE LA CATALOGACIÓN | |
| Centro catalogador/agencia de origen | MX-MxUPN |
| Lengua de catalogación | spa |
| Centro/agencia transcriptor | MX-MxUPN |
| 041 ## - CÓDIGO DE IDIOMA | |
| Código de lengua del texto/banda sonora o título independiente | spa |
| 050 #4 - SIGNATURA TOPOGRÁFICA DE LA BIBLIOTECA DEL CONGRESO | |
| Número de clasificación | LB1115 |
| Número de documento/Ítem | B3.6 1932 |
| 100 1# - ASIENTO PRINCIPAL--NOMBRE PERSONAL | |
| Nombre de persona | Barnés, Domingo, |
| Fechas asociadas al nombre | 1879-1940 |
| 9 (RLIN) | 35469 |
| 245 13 - MENCIÓN DE TÍTULO | |
| Título | La paidología |
| 250 ## - MENCIÓN DE EDICIÓN | |
| Mención de edición | Tercera edición |
| Resto de la mención de edición | muy renovada |
| 260 ## - PUBLICACIÓN, DISTRIBUCIÓN, ETC. | |
| Lugar de publicación, distribución, etc. | Madrid ; |
| -- | Barcelona : |
| Nombre del editor, distribuidor, etc. | Espasa-Calpe : |
| -- | Ediciones de la Lectura, |
| Fecha de publicación, distribución, etc. | 1932. |
| 300 ## - DESCRIPCIÓN FÍSICA | |
| Extensión | 264 páginas |
| 490 0# - MENCIÓN DE SERIE | |
| Mención de serie | Manuales |
| 504 ## - NOTA DE BIBLIOGRAFÍA, ETC. | |
| Nota de bibliografía, etc. | Incluye índice. |
| 650 #4 - ASIENTO SECUNDARIO DE MATERIA - TERMINO TEMATICO | |
| Término de materia o nombre geográfico como elemento de entrada | Niño, Estudio del |
| 9 (RLIN) | 221 |
| 710 2# - ASIENTO SECUNDARIO - NOMBRE CORPORATIVO | |
| 9 (RLIN) | 51335 |
| Nombre de entidad corporativa o nombre de jurisdicción como elemento de entrada | Museo Pedagógico Nacional (México) |
| Término indicativo de función/relación | propietario anterior |
| 710 1# - ASIENTO SECUNDARIO - NOMBRE CORPORATIVO | |
| 9 (RLIN) | 51349 |
| Nombre de entidad corporativa o nombre de jurisdicción como elemento de entrada | México. |
| Unidad subordinada | Secretaría de Educación Pública. |
| -- | Biblioteca Pública |
| Término indicativo de función/relación | propietario anterior |
| 902 ## - ELEMENTOS DE DATOS B LOCAL, LDB (RLIN) | |
| Modificó | MaríaRobles/010924 |
| 905 ## - TIPO DE MATERIAL | |
| Tipo de material | Libro |
| 942 ## - ELEMENTOS DE PUNTO DE ACCESO ADICIONAL (KOHA) | |
| Fuente del sistema de clasificación o colocación | Library of Congress Classification |
| Tipo de ítem Koha | Libro |
| Suprimir en OPAC | No |
| Estado de retiro | Estado de pérdida | Fuente del sistema de clasificación o colocación | Estado dañado | No para préstamo | Código de colección | Localización permanente | Ubicación/localización actual | Ubicación en estantería | Fecha de adquisición | Clasificación | Código de barras | Fecha visto por última vez | Tipo de ítem Koha | Nota pública |
|---|---|---|---|---|---|---|---|---|---|---|---|---|---|---|
| Library of Congress Classification | Disponible (Previa cita) | Fondo Reservado de libros | Bib. Gregorio Torres Quintero | Bib. Gregorio Torres Quintero | Sala de Fondos Reservados Planta alta | 18/11/2022 | LB1115 B3.6 1932 | 20088 | 31/12/2020 | Libro | Ejemplar con sello del Museo Pedagógico Nacional y con sello de la Biblioteca Pública de la SEP |
